Report of the Comptroller and Auditor General of India on Hospital Management in Uttar Pradesh, 2018-19(H) (Record no. 513222)
[ view plain ]
| 000 -LEADER | |
|---|---|
| fixed length control field | 00436nam a2200109 4500 |
| 082 ## - DEWEY DECIMAL CLASSIFICATION NUMBER | |
| Classification number | L906x5421 C/H/2018-19(H) |
| 245 ## - TITLE STATEMENT | |
| Title | Report of the Comptroller and Auditor General of India on Hospital Management in Uttar Pradesh, 2018-19(H) |
| 260 ## - PUBLICATION, DISTRIBUTION, ETC. (IMPRINT) | |
| Place of publication, distribution, etc | Lucknow |
| Name of publisher, distributor, etc | Government of Uttar Pradesh |
| Date of publication, distribution, etc | 2019 |
| 300 ## - PHYSICAL DESCRIPTION | |
| Extent | 122p |
| 650 ## - SUBJECT ADDED ENTRY--TOPICAL TERM | |
| Topical term or geographic name as entry element | Auditing - India - Uttar Pradesh |
| 9 (RLIN) | 15712 |
| 700 ## - ADDED ENTRY--PERSONAL NAME | |
| Personal name | Uttar Pradesh. Comptroller and Auditor General of India |
| 9 (RLIN) | 15711 |
| Withdrawn status | Lost status | Source of classification or shelving scheme | Damaged status | Koha normalized classification for sorting | Not for loan | Permanent location | Current location | Date acquired | Full call number | Barcode | Date last seen | Price effective from | Koha item type |
|---|---|---|---|---|---|---|---|---|---|---|---|---|---|
| L_906X5421_C_H_201819H | Indian Institute of Public Administration | Indian Institute of Public Administration | 2020-01-31 | L906x5421 C/H/2018-19(H) | GG34790 | 2020-01-31 | 2020-01-31 | GG | |||||
| L_906X5421_C_H_201819H | Indian Institute of Public Administration | Indian Institute of Public Administration | 2021-09-30 | L906x5421 C/H/2018-19(H) | gg34875 | 2021-09-30 | 2021-09-30 | GG |
